Artificial intelligence in forensic science: An emerging technology in criminal investigation systems (Record no. 394388)

MARC details
000 -LEADER
fixed length control field 00692 a2200229 4500
005 - DATE & TIME
control field 20260318090815.0
008 - FIXED-LENGTH DATA ELEMENTS--GENERAL INFORMATION
fixed length control field 260317b |||||||| |||| 00| 0 eng d
020 ## - ISBN
International Standard Book Number 9781032263366
Price £ 69.99
040 ## - CATALOGING SOURCE
Original cataloging agency VIVEKANANDA LIBRARY
082 ## - DDC NUMBER
Classification number 363.25
Book Number S21A
100 ## - MAIN ENTRY--PERSONAL NAME
Personal name Saini, Kavita, ed.
245 ## - TITLE STATEMENT
Title Artificial intelligence in forensic science: An emerging technology in criminal investigation systems
260 ## - PUBLICATION, DISTRIBUTION, ETC. (IMPRINT)
Name of publisher, distributor, etc CRC Press
Date of publication, distribution, etc 2024
Place of publication, distribution, etc Boca Raton
300 ## - PHYSICAL DESCRIPTION
Pages xv, 189
650 ## - Subject
Subject Forensic Science
650 ## - Subject
Subject Artifical Intelligence
650 ## - Subject
Subject Digital Forensies
700 ## - Added Entry Personal Name
Added Entry Personal Name Sonone, Swaroop S, ed.
700 ## - Added Entry Personal Name
Added Entry Personal Name Sankhla, Mahipal Singh, ed
700 ## - Added Entry Personal Name
Added Entry Personal Name Kumar, Naveen, ed.
942 ## - ADDED ENTRY ELEMENTS (KOHA)
Koha item type Books
Holdings
Withdrawn status Lost status Source of classification or shelving scheme Damaged status Not for loan Location (home branch) Sublocation or collection (holding branch) Shelving location Date acquired Koha issues (times borrowed) Koha full call number Accession No. Koha date last seen Koha item type
    Dewey Decimal Classification     VIVEKANANDA LIBRARY VIVEKANANDA LIBRARY Vivekananda Library 11/02/2026   363.25 S21A 438279 11/02/2026 Books
© Designed and Maintained by Vivekananda Library, MDU Rohtak